<?xml version="1.0" encoding="UTF-8"?>
<record
    xmlns:xsi="http://www.w3.org/2001/XMLSchema-instance"
    xsi:schemaLocation="http://www.loc.gov/MARC21/slim http://www.loc.gov/standards/marcxml/schema/MARC21slim.xsd"
    xmlns="http://www.loc.gov/MARC21/slim">

  <leader>00394    a2200109   4500</leader>
  <controlfield tag="001">ART_28224</controlfield>
  <controlfield tag="005">20260410161818.0</controlfield>
  <controlfield tag="008">260409a                                 </controlfield>
  <datafield tag="245" ind1="1" ind2="0">
    <subfield code="a">La sentencia de la Corte Suprema de la India en el caso Novartis</subfield>
  </datafield>
  <datafield tag="100" ind1="1" ind2=" ">
    <subfield code="a">Correa, Carlos Mar&#xED;a</subfield>
  </datafield>
  <datafield tag="773" ind1="0" ind2=" ">
    <subfield code="t">Revista Juridica de Buenos Aires</subfield>
    <subfield code="g">Tendencias actuales en propiedad intelectual (ene. 2013)</subfield>
    <subfield code="w">REV4315</subfield>
  </datafield>
  <datafield tag="999" ind1=" " ind2=" ">
    <subfield code="c">22043</subfield>
    <subfield code="d">22043</subfield>
  </datafield>
</record>
